000 003220000a22001450004500
003 MACL
040 _aMACL
090 _c42705
_d42703
100 _aDe, Amalendu
245 _aReligious Fundamentalism and Secularism in India
260 _bRachayita
_c2007
350 _a350
650 _aReligion
942 _cBOOK
_k200/DE
999 _c42254
_d42254